| 000 | 02386nam0a2200349 4500 | ||
|---|---|---|---|
| 001 | RU\NLR\BIBL_A\022614235 | ||
| 005 | 20260420052850.0 | ||
| 010 |
_a978-5-98615-661-3 _9500 |
||
| 021 |
_aRU _bКН-П-25-040859 _9КН-П-25-3976 |
||
| 035 | _a(NLR Aleph) 022614235 | ||
| 090 |
_a13683622 _c13683622 |
||
| 100 | _a20250903d2024 u y0rusy50 ca | ||
| 101 | 0 | _arus | |
| 102 | _aRU | ||
| 105 | _aa j 000yy | ||
| 181 | 0 |
_ai3 _baxxe |
|
| 182 | 0 | _an | |
| 200 | 1 |
_aТехники НЛП в психологическом консультировании и психотерапии _eучебно-методическое пособие _eдля студентов и магистров, обучающихся на кафедре психотерапии ИКПСР РНИМУ им. Пирогова по специальности "Клиническая психология" _fЕсаулов В. И., Гарданова Ж. Р., Ильгов В. И. _gМинистерство здравоохранения Российской Федерации, Федеральное государственное автономное образовательное учреждение высшего образования "Российский национальный исследовательский медицинский университет имени Н. И. Пирогова", Институт клинической психологии и социальной работы, Кафедра психотерапии |
|
| 203 |
_aТекст _bвизуальный _cнепосредственный |
||
| 210 |
_aМосква _cМини Тайп _cРНИМУ _d2024 |
||
| 215 |
_a99 с. _cтабл. _d21 |
||
| 320 | _aБиблиогр.: с. 91-92 (27 назв.) | ||
| 606 | 1 |
_aНейролингвистическое программирование _jУчебно-методические пособия для высших учебных заведений _91070284 _3RU\NLR\AUTH\6698234 |
|
| 686 | 1 | _aЮ935.132-2я73 | |
| 686 | 1 | _aЮ935.108я73 | |
| 700 | 1 |
_aЕсаулов _bВ. И. _gВладимир Игоревич |
|
| 701 | 1 |
_aГарданова _bЖ. Р. _gЖанна Робертовна |
|
| 701 | 1 |
_aИльгов _bВ. И. _gВячеслав Иванович |
|
| 942 | _cBOOK | ||
| 980 | _aNB | ||